| 000 | 00617cam a22001934a 4500 | ||
|---|---|---|---|
| 020 | _a0821358863 | ||
| 020 | _a0821358871 (eISBN) | ||
| 040 | _cDLC | ||
| 082 | 0 | 0 | _a338 WOR 2005 A069 Or. |
| 245 | 0 | 0 |
_aPutting social development to work for the poor : _ban OED review of World Bank activities / |
| 250 | _a1st ed. | ||
| 260 |
_aWashington, D.C. : _bWorld Bank, _c2005. |
||
| 300 |
_axxi, 106 p. : _bill. ; _c28 cm. |
||
| 500 | _aAt head of title : World Bank Operations Evaluation Department | ||
| 650 | 0 | _aEconomic development projects | |
| 650 | 0 | _aEconomic development | |
| 710 | 2 | _aWorld Bank. | |
| 942 | _cEK | ||
| 999 |
_c14568 _d14568 |
||